LEADER 00899nam a2200241 i 4500 001 000000182974 003 CaOOAMICUS 005 20091103000000.0 008 091103s1956 it u000 u ita u 013 $a160935 040 $aSeMil$bita 100 1 $aRichelmy, Carlo.$0(OLS)http://semarc/name/67389 245 12$aI preti in Italia /$cCarlo Richelmy. 260 $aRoma :$bCasini,$cstampa 1956. 300 $a226 p. ;$c21 cm. 490 0 $aLa nave d'Ulisse ;$v16 500 $aContiene : Appendice. 650 4$aChiesa cattolica - Clero - Italia.$0(OLS)http://semarc/subject/6276 830 3$aLa nave d'Ulisse ;$v16.$0(OLS)http://semarc/title/15010 850 $aSeMil 852 $aSeMil$W1$xVenegono$y1$m3E II 160$j133678$B133678$CSeMilBibl$Z2$F145427 $81 996 $6245$aI preti in Italia$9(OLS)http://semarc/title/262595 996 $6260$aRoma :$bCasini$9(OLS)http://semarc/publisher/33129 LEADER 01455nam a2200301 i 4500 001 000000121542 003 CaOOAMICUS 005 20040202000000.0 008 040202s1991 it u000 u ita u 013 $a94237 040 $aSeMil$bita 100 1 $aFotoimmagine Volterra.$0(OLS)http://semarc/name/50524 245 10$aVolterra :$bla cappella della croce in San Francesco /$cFotoimmagine Volterra ... [et al.]. 260 $a[S.l. :$bs.n.],$ccopyr. 1991$e(Siena :$fCentrooffset,$gcopyr. 1991) 300 $a79 p. :$briccamente ill. ;$c32 cm. 500 $aFondo Card. C.M. Martini. 600 04$aFrancesco : d'Assisi .$0(OLS)http://semarc/subject/1416 650 4$aPittura - Rinascimento - Italia - Volterra.$0(OLS)http://semarc/subject/22995 650 4$aArte cristiana e simbolismo - Rinascimento - 1450-1600 - Italia - Volterra.$0(OLS)http://semarc/subject/22996 700 1 $aCaleca, Antonino <1943->.$0(OLS)http://semarc/name/50527 700 1 $aLessi, Franco Alessandro.$0(OLS)http://semarc/name/50526 700 1 $aBurresi, Mariagiulia.$0(OLS)http://semarc/name/50525 850 $aSeMil 852 $aSeMil$W1$xVenegono$y1$m5K IX 12$j76611$B76611$CSeMilBibl$Z2$F79228 $8I 941 1 $a4 961 $aOmaggio: Martini Card. Carlo Maria 996 $6245$aVolterra :$bla cappella della croce in San Francesco$9(OLS)http://semarc/title/178928 996 $6260$a[S.l. :$bs.n.]$9(OLS)http://semarc/publisher/29751